Language Quiz

Random Language or Italian Quiz

Fruitsoorten Nederlands-Italiaans Quiz Stats

 Plays Quiz not verified by Sporcle

Score 0/31 Timer 20:00
0 Plays Today
Nederlands Italiaans % Correct
de vruchtil frutto
100%
de appella mela
100%
de peerla pera
100%
de sinaasappell'arancia
100%
de mandarijnil mandarino
100%
de banaanla banana
100%
de druifl'uva
100%
de kiwiil kiwi
100%
de ananasl'ananas
100%
de meloenil melone
100%
de mangoil mango
100%
de citroenil limone
100%
de perzikla pesca
100%
de watermeloen (2)il cocomero, l'anguria
100%
de kokosnootla noce di cocco
100%
de pompoenla zucca
100%
Nederlands Italiaans % Correct
de avocadol'avocado
100%
de dadelil dattero
100%
de granaatappella melagrana
100%
de passievruchtil frutto della passione
100%
de besla bacca
90.9%
de pruim (2)la prugna, la susina
90.9%
de braamla mora (di rovo)
90.9%
de vijgil fico
90.9%
de grapefruitil pompelmo
90.9%
de nectarine (2/3)la nettarina, la pescanoce, la nocepesca
90.9%
de blauwe (bos)besil mirtillo
90.9%
de aardbeila fragola
81.8%
de abrikoosl'albicocca
81.8%
de kersla ciliegia
81.8%
de framboosil lampone
81.8%

You're not logged in!

Compare scores with friends on all Sporcle quizzes.
OR
Log In

Show Comments

Extras

Created Dec 9, 2018ReportNominate
Tags:Italian Quiz, het, neverland

Top Quizzes Today


Score Distribution

Your Account Isn't Verified!

In order to create a playlist on Sporcle, you need to verify the email address you used during registration. Go to your Sporcle Settings to finish the process.

Report this User

Report this user for behavior that violates our Community Guidelines.

Details: